000 00484nam a2200169Ia 4500
999 _c21019
_d21019
003 OSt
005 20200702093755.0
008 190216s9999||||xx |||||||||||||| ||und||
040 _coclc
082 _a909.08
_bCHH/H
100 _aChhabra, H K
_92597
245 0 _aHistory Of Modern World Since 1914 /
_cH K Chhabra
260 _bSurjeet Publications,
_aDelhi:
_c2003.
300 _a662p
650 _aHistory
942 _cBK
_2ddc
_h909.08
_iCHH/H
_k909.08
_mCHH/H